| 000 | 00845 a2200181 4500 | ||
|---|---|---|---|
| 003 | Nust | ||
| 005 | 20230217110616.0 | ||
| 040 | _cNust | ||
| 082 | _a621.31924,JEF | ||
| 100 | 1 |
_aH L Jefferies _9109194 |
|
| 245 |
_aWiring manual for : _belectrical installations in Pakistan / _cH. L. Jefferies |
||
| 260 |
_aPakistan cables Ltd _bKarachi _c1963 |
||
| 300 | _a210 p | ||
| 505 | _aPlanning the Installation (Page-1), Choice of Cables (Page-19), Installation Methods (Page-45), Earthing (Page-97), Protective Devices (Page-125), Motor Installation (Page-134), Lighting Circuits and Socket Outlets (Page-150), Wiring of Special Equipment (Page-167), Testing (Page-179), Production of Quality cables (Page-193). | ||
| 600 |
_aJefferies H. L _9109195 |
||
| 650 |
_aWiring manual for electrical installations in pakistan _9109196 |
||
| 942 |
_2ddc _cBK |
||
| 999 |
_c180979 _d180979 |
||